01922 a2200241 45000010006000000050017000060080041000230030015000640400040000790800070001192450044001890200018002332500011002512640009002623000024002715051155002951000016014507000020014667000029014867000037015157000034015528560094015863382420260407155629.0260407a1995 arg spa dAR-UNSa-BCEJYS aAR-UNSa-BCEJYSbspacAR-UNSa-BCEJYS a658.56xControl de la calidad. Control de herramientas y material10aAnálisis y planeación de la calidad a970-10-0612-7 a3a. ed 1c1995 axxi, 633 p.c23 cm. a1. Conceptos básicos - 2. Apreciación de la calidad en toda la compañia - 3. Mejoramiento de la calidad y reducción de costos - 4. Planeación de la calidad e ingresos por ventas - 5. Control de calidad - 6. Administración estratégica de la calidad - 7. Organización para la calidad - 8. Desarrollo de una cultura de calidad - 9. Conceptos básicos de probabilidad - 10. Herramientas estdísticas para el análisis de datos - 11. Comprensión de las necesidades del cliente - 12. Diseño para la calidad - 13. Herramientas estadísticas de la calidad en el diseño - 14. Relaciones con el proveedor - 15. Herramientas estadísticas para la relaciones con el proveedor - 16. Manufactura - 17. Control estadítico de procesos - 18. Inspección, prubas y medición - 19. Planes de muestreo para inspección y pruebas - 20.Comercialización, desempeño en el campo y servicio al cliente - 21. Comercialización, desempeño de campo, servicio al cliente y sus herramientas estdísticas - 22. Operaciones administrativas y de apoyo - 23. Sistemas de información de la calidad - 24. Aseguramiento de la calidad - Apéndice1 aJuran, J.M.1 aGryna, Frank M.1 aGonzález Osuna, Marcia1 aCantú Delgado, José Humberto1 aGonzález González, Carlos41uhttps://biblioeco.unsa.edu.ar/pmb/images/libros/L65193.jpgyImagen de portadaqimage/jpeg